Nuevos registros de escarabajos coprófagos (Scarabaeidae: Scarabaeinae) para la región andina de Colombia (Registro nro. 16291)
[ vista simple ]
| 000 -CABECERA | |
|---|---|
| Campo de control | 007550000a22002050004500 |
| 090 ## - CLASIFICACIÓN LOCAL | |
| Colección | SERIADAS |
| 041 0# - IDIOMA | |
| Código de idioma para texto/pista de sonido o título separado | |
| 044 ## - PAÍS DE PUBLICACIÓN | |
| País de publicación | |
| 100 1# - ASIENTO PRINCIPAL--NOMBRE PERSONAL | |
| Nombre personal | Pulido Herrera, Luz Astrid |
| 245 10 - MENCION DE TITULO | |
| Título | Nuevos registros de escarabajos coprófagos (Scarabaeidae: Scarabaeinae) para la región andina de Colombia |
| Version | Parte I |
| 500 ## - NOTA GENERAL | |
| Nota general | Separata |
| 651 #4 - ASIENTO SECUNDARIO DE MATERIA - NOMBRE GEOGRAFICO | |
| -- | Colombia |
| -- | Región andina |
| 700 1# - ASIENTO SECUNDARIO - NOMBRE PERSONAL | |
| Nombre personal | Medina, Claudia Alejandra |
| 700 1# - ASIENTO SECUNDARIO - NOMBRE PERSONAL | |
| Nombre personal | Riveros, Raúl Antonio |
| 773 1# - Item fuente: | |
| Título | Revista de la Academia Colombiana de Ciencias Exactas, Físicas y Naturales |
| Detalles específicos del material | Jun. |
| Descripción física | 119 |
| Paginas del Articulo | 305-310 |
| Lugar, editorial y fecha de publicación | 2007 |
| Información sobre la relación | 31 |
| 942 ## - ELEMENTOS ADICIONALES (KOHA) | |
| Tipo de ítem | Artículo |
No hay ítems disponibles.